00495nam a2200181Ia 450000500170000000800410001702000210005804000190007904100120009808200130011010000150012324500630013826000450020130000170024665000190026365100210028285000100030320240510100108.0131103s9999 xx 000 0 und d a195641264cRs.75 aLoreto College aEnglish a428bHOW aHowe, D.H. aAdvance with englishb course book 2 cD.H. Howe and other aNew DelhibOxford university pressc2002 a167p.b pic. aEnglish reader aEnglish language aLCBED